000 00258nam a2200109Ia 4500
008 190914s9999||||xx |||||||||||||| ||und||
100 _aJames P.Lewis
245 0 _aProject Leadership
260 _aNew York
_bMcGraw Hill
_c2013
300 _a624
942 _cBK
999 _c9015
_d9015